Online katalóg knižníc regiónu Turca

Robur dobyvatel' (Record no. 22510)

MARC details
000 -LEADER
fixed length control field 01338nam a22004092 4500
001 - CONTROL NUMBER
control field 22510
003 - CONTROL NUMBER IDENTIFIER
control field CZ PrNK
005 - DATE AND TIME OF LATEST TRANSACTION
control field 20260330153944.0
007 - PHYSICAL DESCRIPTION FIXED FIELD--GENERAL INFORMATION
fixed length control field ta
008 - FIXED-LENGTH DATA ELEMENTS--GENERAL INFORMATION
fixed length control field 960520s1983 xo d 000 f slo
020 ## - INTERNATIONAL STANDARD BOOK NUMBER
Qualifying information (Váz.)
040 ## - CATALOGING SOURCE
Original cataloging agency ABA001
Language of cataloging cze
Transcribing agency ABA001
Modifying agency ABA001
041 1# - LANGUAGE CODE
Language code of text/sound track or separate title slo
Language code of original fre
072 #7 - SUBJECT CATEGORY CODE
Subject category code 821.133.1-3
Subject category code subdivision Francouzská próza, francouzsky psaná
Source Konspekt
072 #7 - SUBJECT CATEGORY CODE
Subject category code 821-93
Subject category code subdivision Literatura pro děti a mládež (beletrie)
Source Konspekt
080 ## - UNIVERSAL DECIMAL CLASSIFICATION NUMBER
Universal Decimal Classification number 821.133.1-31
Edition identifier MRF
080 ## - UNIVERSAL DECIMAL CLASSIFICATION NUMBER
Universal Decimal Classification number 821-93
Edition identifier MRF
080 ## - UNIVERSAL DECIMAL CLASSIFICATION NUMBER
Universal Decimal Classification number (0:82-311.3)
Edition identifier MRF
100 1# - MAIN ENTRY--PERSONAL NAME
Personal name Verne, Jules,
Dates associated with a name 1828-1905
Relationship aut
240 10 - UNIFORM TITLE
Uniform title Robur le Conquérant.
Language of a work Slovensky
245 10 - TITLE STATEMENT
Title Robur dobyvatel'
Statement of responsibility, etc. Jules Verne ; [z franc. orig. prel. Mária Flochová, Teofil Ušák]
250 ## - EDITION STATEMENT
Edition statement 3. vyd.
260 ## - PUBLICATION, DISTRIBUTION, ETC.
Place of publication, distribution, etc. Bratislava :
Name of publisher, distributor, etc. Mladé letá,
Date of publication, distribution, etc. 1983
300 ## - PHYSICAL DESCRIPTION
Extent 250 s. ;
Dimensions 21 cm
490 1# - SERIES STATEMENT
Series statement Knihy J. Verna
655 #7 - INDEX TERM--GENRE/FORM
Genre/form data or focus term francouzské romány
Source of term czenas
655 #7 - INDEX TERM--GENRE/FORM
Genre/form data or focus term dobrodružné romány
Source of term czenas
655 #7 - INDEX TERM--GENRE/FORM
Genre/form data or focus term publikace pro mládež
Source of term czenas
655 #9 - INDEX TERM--GENRE/FORM
Genre/form data or focus term French fiction
Source of term eczenas
655 #9 - INDEX TERM--GENRE/FORM
Genre/form data or focus term adventure novels
Source of term eczenas
655 #9 - INDEX TERM--GENRE/FORM
Genre/form data or focus term juvenile literature
Source of term eczenas
700 1# - ADDED ENTRY--PERSONAL NAME
Personal name Flochová, Mária
Relationship trl
700 1# - ADDED ENTRY--PERSONAL NAME
Personal name Ušák, Teofil,
Dates associated with a name 1922-1999
Relationship trl
800 1# - SERIES ADDED ENTRY--PERSONAL NAME
Personal name Verne, Jules,
Dates associated with a name 1828-1905.
Title of a work Knihy (Mladé letá)
910 ## - USER-OPTION DATA (OCLC)
User-option data ABA001
942 ## - ADDED ENTRY ELEMENTS (KOHA)
Source of classification or shelving scheme Dewey Decimal Classification
Koha item type Krásna literatúra pre dospelých
Suppress in OPAC No
Holdings
Stav vyradenia Strata Poškodenie Spôsob nadobudnutia Domovská knižnica Aktuálna knižnica Dátum nadobudnutia Total checkouts Čiarový kód exemplára Date last seen Typ exemplára
      Dar Obecná knižnica Horná Štubňa Obecná knižnica Horná Štubňa 30.03.2026   4736202066 30.03.2026 Krásna literatúra pre dospelých
Projekt je podporený Slovenskou asociáciou knižníc
Prevádzkuje Turčianska knižnica Martin 2026